[Event "27th Kavala Open 2018"]
[Site "Kavala"]
[Date "2018.08.08"]
[Round "6"]
[White "Ambartsumova, Karina"]
[Black "Nevednichy, Vladislav"]
[Result "1-0"]
[WhiteElo "2377"]
[BlackElo "2550"]
[Annotator "ChessBase"]
[PlyCount "101"]
[EventDate "2018.08.06"]
[EventType "swiss"]
[EventCountry "GRE"]
[SourceTitle "playchess.com"]
[Source "ChessBase"]
[SourceQuality "1"]
[TimeControl "40/5400+30:900+30"]

1. d4 {[%emt 0:00:13]} Nf6 {[%emt 0:03:14]} 2. c4 {[%emt 0:00:28]} g6 {[%emt 0:01:25]} 3. Nf3 {[%emt 0:01:37]} Bg7 {[%emt 0:00:06]} 4. g3 {[%emt 0:01:45]} O-O {[%emt 0:00:07]} 5. Bg2 {[%emt 0:00:04]} d6 {[%emt 0:00:17]} 6. Nc3 {[%emt 0:01:36]} c6 {[%emt 0:02:19]} 7. O-O {[%emt 0:01:31]} Qa5 {[%emt 0:00:30]} 8. e4 {[%emt 0:04:07]} e5 {[%emt 0:00:11]} 9. h3 {[%emt 0:02:11]} Nbd7 {[%emt 0:00:18]} 10. Re1 {[%emt 0:01:02]} exd4 11. Nxd4 {[%emt 0:00:14]} Ne5 {[%emt 0:00:27]} 12. Bf1 {[%emt 0:00:45]} Re8 {[%emt 0:00:55]} 13. Be3 {[%emt 0:04:27]} c5 {[%emt 0:07:26]} 14. Nb3 {[%emt 0:02:09]} Qb4 {[%emt 0:00:58]} 15. a3 {[%emt 0:10:05]} Qb6 {[%emt 0:00:09]} 16. Nd2 {[%emt 0:09:00]} Qc7 {[%emt 0:08:51]} 17. f4 {[%emt 0:08:27]} Nc6 {[%emt 0:02:06]} 18. Bf2 {[%emt 0:02:11]} a6 {[%emt 0:03:22]} 19. Nf3 {[%emt 0:04:18]} Be6 {[%emt 0:19:24]} 20. Rc1 {[%emt 0:16:57]} b6 {[%emt 0:03:17]} 21. g4 {[%emt 0:02:06]} h6 {[%emt 0:17:18]} 22. Qc2 {[%emt 0:02:34]} Nh7 {[%emt 0:10:22]} 23. Rcd1 {[%emt 0:10:45]} g5 {[%emt 0:04:22]} 24. Nd5 {[%emt 0:06:09]} Qb8 {[%emt 0:05:46]} 25. Qd2 {[%emt 0:02:43]} gxf4 {[%emt 0:05:16]} 26. Qxf4 {[%emt 0:00:34]} Bxd5 {[%emt 0:02:14]} 27. exd5 {[%emt 0:00:57]} Ne7 {[%emt 0:00:30]} 28. Bd3 {[%emt 0:00:58]} Nf8 {[%emt 0:00:22]} 29. Bg3 {[%emt 0:00:53]} Neg6 {[%emt 0:01:09]} 30. Rxe8 {[%emt 0:03:15]} Qxe8 {[%emt 0:00:02]} 31. Qxd6 {[%emt 0:00:04]} Bxb2 {[%emt 0:00:39]} 32. Re1 {[%emt 0:00:50]} Qa4 {[%emt 0:01:36]} 33. Qc6 {[%emt 0:00:49]} Qxa3 {[%emt 0:00:47]} 34. Qxa8 {[%emt 0:00:24]} Qxd3 {[%emt 0:00:03]} 35. d6 {[%emt 0:00:22]} Bd4+ {[%emt 0:01:04]} 36. Kh1 {[%emt 0:00:39]} Bc3 {[%emt 0:00:29]} 37. Qe4 {[%emt 0:00:23]} Qxe4 {[%emt 0:00:04]} 38. Rxe4 {[%emt 0:00:04]} b5 {[%emt 0:00:49]} 39. Re8 {[%emt 0:00:37]} Kg7 {[%emt 0:00:04]} 40. cxb5 {[%emt 0:00:00]} axb5 {[%emt 0:00:00]} 41. Ne5 {[%emt 0:10:50]} Bxe5 {[%emt 0:00:55]} 42. Bxe5+ {[%emt 0:00:08]} f6 {[%emt 0:00:02]} 43. Re7+ {[%emt 0:02:32]} Nxe7 {[%emt 0:00:13]} 44. dxe7 {[%emt 0:00:01]} Kf7 {[%emt 0:00:05]} 45. exf8=Q+ {[%emt 0:00:10]} Kxf8 {[%emt 0:00:01]} 46. Bxf6 {[%emt 0:02:55]} b4 {[%emt 0:00:05]} 47. Kg2 {[%emt 0:01:53]} Kf7 {[%emt 0:00:08]} 48. Bh8 {[%emt 0:00:30]} c4 {[%emt 0:02:43]} 49. Kf3 {[%emt 0:00:21]} h5 {[%emt 0:03:16]} 50. g5 {[%emt 0:00:42]} h4 {[%emt 0:00:04]} 51. Kg4 {[%emt 0:00:39]} 1-0

[Event "27th Kavala Open 2018"]
[Site "Kavala"]
[Date "2018.08.08"]
[Round "6"]
[White "Schitco, Ivan"]
[Black "Kelires, Andreas"]
[Result "0-1"]
[WhiteElo "2377"]
[BlackElo "2531"]
[Annotator "TA"]
[PlyCount "64"]
[EventDate "2018.08.06"]
[EventType "swiss"]
[EventCountry "GRE"]
[SourceTitle "playchess.com"]
[Source "ChessBase"]
[SourceQuality "1"]

{[%evp 16,64,19,14,14,7,14,12,-7,0,0,-68,-31,-97,-37,-72,-49,-81,-75,-132,-60,-60,-64,-173,-117,-200,-133,-288,-275,-375,-274,-384,-362,-388,-394,-481,-458,-581,-575,-565,-538,-525,-506,-501,-506,-499,-499,-485,-462,-470,-453]} 1. d4 Nf6 2. Bf4 e6 3. e3 c5 4. c3 Nc6 5. Nd2 d5 6. Ngf3 Nh5 7. Bg5 {D02: Damenbauernspiele} Qb6 (7... Qc7 8. Ne5 g6 9. Nxc6 bxc6 10. Be2 Rb8 11. Rb1 h6 12. Bh4 g5 13. Bxh5 gxh4 14. O-O Bd6 {1-0 (53) Harikrishna,P (2732)-Navara,D (2727) Prague 2018}) 8. Rb1 h6 9. Bh4 {LiveBook: 17 Partien. Die Stellung ist ausgeglichen.} cxd4 10. Nxd4 Nf6 $146 ({Vorgänger:} 10... Nxd4 11. cxd4 Nf6 12. Bxf6 gxf6 13. Bd3 f5 14. O-O Bd7 15. a4 {½-½ (64) Szabolcsi,J (2418)-Bellon Lopez,J (2446) France 2000}) 11. Bxf6 gxf6 12. g3 e5 13. N4b3 (13. Nxc6 $11 bxc6 14. Bd3) 13... Be6 14. Bg2 (14. Qh5 $15) 14... Be7 (14... h5 $17) 15. Qe2 h5 {[%cal Bh6h5,Bh5h4,Bh4h3][%mdl 32]} 16. O-O O-O-O 17. a4 (17. c4 $142) 17... Kb8 ({Günstiger ist} 17... h4 $17 18. Qb5 hxg3 19. hxg3 Qc7) 18. Qb5 $15 h4 19. Rbc1 (19. Qxb6 $15 axb6 20. Ra1) 19... f5 (19... Qc7 $19 20. Nc5 Bxc5 21. Qxc5 e4) 20. c4 (20. Qxb6 $17 axb6 21. Rfe1) 20... e4 21. c5 $2 {[#]} (21. a5 $17 Qxb5 22. cxb5) 21... Qc7 $19 22. a5 a6 23. Qb6 (23. Qa4 $142) 23... h3 24. Bh1 Qxb6 25. axb6 d4 {Schwarz steht klar auf Gewinn.} 26. Nc4 dxe3 27. fxe3 Rd3 28. Nba5 Bxc5 29. Nxc6+ bxc6 30. b4 Bxe3+ 31. Nxe3 Rxe3 32. Rxc6 Rd8 {Precision: Weiß = 14%, Schwarz = 54%.} 0-1

[Event "27th Kavala Open 2018"]
[Site "Kavala"]
[Date "2018.08.08"]
[Round "6"]
[White "Trimitzios, Petros"]
[Black "Iljin, Artem"]
[Result "1/2-1/2"]
[WhiteElo "2301"]
[BlackElo "2520"]
[Annotator "ChessBase"]
[PlyCount "26"]
[EventDate "2018.08.06"]
[EventType "swiss"]
[EventCountry "GRE"]
[SourceTitle "playchess.com"]
[Source "ChessBase"]
[SourceQuality "1"]
[TimeControl "40/5400+30:900+30"]

1. Nf3 {[%emt 0:02:03]} d5 {[%emt 0:01:19]} 2. d4 {[%emt 0:00:53]} Nf6 {[%emt 0:00:29]} 3. c4 {[%emt 0:00:49]} e6 {[%emt 0:00:24]} 4. g3 {[%emt 0:01:07]} Be7 {[%emt 0:00:51]} 5. Bg2 {[%emt 0:00:45]} O-O {[%emt 0:00:22]} 6. Qc2 {[%emt 0:00:55]} c5 {[%emt 0:02:26]} 7. cxd5 {[%emt 0:06:45]} cxd4 {[%emt 0:12:05]} 8. Nxd4 {[%emt 0:08:20]} Nxd5 {[%emt 0:00:21]} 9. Qb3 {[%emt 0:00:25]} Bf6 {[%emt 0:08:18]} 10. Nb5 {[%emt 0:05:57]} Nc6 {[%emt 0:06:52]} 11. O-O {[%emt 0:06:44]} Qb6 {[%emt 0:04:30]} 12. N1c3 {[%emt 0:09:55]} Nxc3 {[%emt 0:04:02]} 13. Nxc3 {[%emt 0:00:11]} Qxb3 {[%emt 0:03:22]} 1/2-1/2

[Event "27th Kavala Open 2018"]
[Site "Kavala"]
[Date "2018.08.08"]
[Round "6"]
[White "Giannoulakis, Lampros"]
[Black "Quparadze, Giga"]
[Result "1/2-1/2"]
[WhiteElo "2287"]
[BlackElo "2517"]
[Annotator "ChessBase"]
[PlyCount "65"]
[EventDate "2018.08.06"]
[EventType "swiss"]
[EventCountry "GRE"]
[SourceTitle "playchess.com"]
[Source "ChessBase"]
[SourceQuality "1"]
[TimeControl "40/5400+30:900+30"]

1. d4 {[%emt 0:00:08]} Nf6 {[%emt 0:00:05]} 2. Nf3 {[%emt 0:00:13]} e6 {[%emt 0:00:07]} 3. e3 {[%emt 0:00:51]} c5 {[%emt 0:00:40]} 4. Bd3 {[%emt 0:00:14]} d5 {[%emt 0:00:05]} 5. b3 {[%emt 0:00:10]} Nc6 {[%emt 0:00:30]} 6. O-O {[%emt 0:00:18]} b6 {[%emt 0:00:15]} 7. Bb2 {[%emt 0:00:20]} Bb7 {[%emt 0:00:15]} 8. Nbd2 {[%emt 0:01:06]} Bd6 {[%emt 0:00:46]} 9. dxc5 Bxc5 {[%emt 0:01:23]} 10. a3 {[%emt 0:07:49]} a5 {[%emt 0:03:17]} 11. Qe2 {[%emt 0:05:09]} O-O {[%emt 0:00:48]} 12. e4 {[%emt 0:06:43]} Be7 {[%emt 0:10:55]} 13. Rfd1 {[%emt 0:04:39]} Qc7 {[%emt 0:00:07]} 14. c4 {[%emt 0:10:27]} dxe4 {[%emt 0:06:51]} 15. Nxe4 {[%emt 0:01:19]} Nxe4 {[%emt 0:00:31]} 16. Qxe4 {[%emt 0:01:08]} g6 {[%emt 0:00:05]} 17. Qe3 {[%emt 0:05:55]} Rfd8 {[%emt 0:00:49]} 18. h4 {[%emt 0:20:56]} Bc5 {[%emt 0:02:47]} 19. Qh6 {[%emt 0:00:10]} Bf8 {[%emt 0:00:09]} 20. Qg5 {[%emt 0:03:50]} Bg7 {[%emt 0:03:52]} 21. Bxg7 {[%emt 0:00:42]} Kxg7 {[%emt 0:00:04]} 22. Be4 {[%emt 0:03:08]} h6 {[%emt 0:01:42]} 23. Qe3 {[%emt 0:00:05]} Rxd1+ {[%emt 0:02:43]} 24. Rxd1 {[%emt 0:00:06]} Rd8 {[%emt 0:00:03]} 25. Rxd8 {[%emt 0:07:25]} Qxd8 {[%emt 0:00:05]} 26. Qd2 {[%emt 0:07:13]} Qxd2 {[%emt 0:00:23]} 27. Nxd2 {[%emt 0:00:05]} f5 {[%emt 0:00:29]} 28. Bxc6 {[%emt 0:00:31]} Bxc6 {[%emt 0:00:04]} 29. f4 {[%emt 0:00:17]} Kf6 {[%emt 0:00:15]} 30. Kf2 {[%emt 0:00:07]} g5 {[%emt 0:00:13]} 31. hxg5+ {[%emt 0:00:31]} hxg5 {[%emt 0:00:06]} 32. g3 {[%emt 0:00:06]} e5 {[%emt 0:00:03]} 33. Ke3 {[%emt 0:01:41]} 1/2-1/2

[Event "27th Kavala Open 2018"]
[Site "Kavala"]
[Date "2018.08.08"]
[Round "6"]
[White "Grigoriadis, Mihail"]
[Black "Hasangatin, Ramil"]
[Result "1/2-1/2"]
[WhiteElo "2230"]
[BlackElo "2491"]
[Annotator "ChessBase"]
[PlyCount "129"]
[EventDate "2018.08.06"]
[EventType "swiss"]
[EventCountry "GRE"]
[SourceTitle "playchess.com"]
[Source "ChessBase"]
[SourceQuality "1"]
[TimeControl "40/5400+30:900+30"]

1. e4 {[%emt 0:06:23]} Nf6 {[%emt 0:00:04]} 2. e5 {[%emt 0:00:26]} Nd5 {[%emt 0:00:05]} 3. d4 {[%emt 0:00:03]} d6 {[%emt 0:00:03]} 4. c4 {[%emt 0:00:03]} Nb6 {[%emt 0:00:03]} 5. exd6 {[%emt 0:00:04]} exd6 {[%emt 0:00:19]} 6. Nc3 {[%emt 0:02:07]} Be7 {[%emt 0:01:26]} 7. Bd3 {[%emt 0:07:13]} Nc6 {[%emt 0:00:47]} 8. Be3 {[%emt 0:02:00]} O-O {[%emt 0:04:20]} 9. b3 {[%emt 0:02:27]} Bf6 {[%emt 0:01:51]} 10. Nge2 {[%emt 0:00:12]} Bg4 {[%emt 0:00:27]} 11. O-O {[%emt 0:04:24]} Bh5 {[%emt 0:15:03]} 12. Qd2 {[%emt 0:02:59]} Bg6 {[%emt 0:00:18]} 13. Bxg6 {[%emt 0:00:14]} hxg6 {[%emt 0:00:06]} 14. d5 {[%emt 0:02:22]} Ne7 {[%emt 0:02:33]} 15. Ng3 {[%emt 0:20:14]} Nf5 {[%emt 0:03:00]} 16. Nxf5 {[%emt 0:00:07]} gxf5 {[%emt 0:00:02]} 17. Rac1 {[%emt 0:10:09]} Nd7 {[%emt 0:00:31]} 18. Nb5 {[%emt 0:00:18]} a6 {[%emt 0:06:14]} 19. Nd4 {[%emt 0:00:07]} g6 {[%emt 0:00:10]} 20. Nf3 {[%emt 0:00:17]} Ne5 {[%emt 0:02:41]} 21. Nxe5 {[%emt 0:01:32]} dxe5 {[%emt 0:00:56]} 22. f3 {[%emt 0:03:18]} b6 {[%emt 0:00:25]} 23. Rfd1 {[%emt 0:07:46]} Re8 {[%emt 0:03:58]} 24. d6 {[%emt 0:00:39]} Re6 {[%emt 0:00:36]} 25. dxc7 {[%emt 0:03:22]} Qxc7 {[%emt 0:00:16]} 26. Qd7 {[%emt 0:00:08]} Ra7 {[%emt 0:01:18]} 27. Qxc7 {[%emt 0:00:07]} Rxc7 {[%emt 0:00:01]} 28. Rd5 {[%emt 0:00:28]} f4 {[%emt 0:03:18]} 29. Bd2 {[%emt 0:03:48]} Kg7 {[%emt 0:09:58]} 30. Kf1 {[%emt 0:00:08]} g5 {[%emt 0:01:12]} 31. c5 {[%emt 0:02:41]} bxc5 {[%emt 0:06:05]} 32. Rcxc5 {[%emt 0:00:28]} Rxc5 {[%emt 0:00:34]} 33. Rxc5 {[%emt 0:00:02]} Be7 {[%emt 0:00:15]} 34. Rd5 {[%emt 0:07:10]} Kg6 {[%emt 0:05:09]} 35. Ke2 {[%emt 0:03:18]} f5 {[%emt 0:00:31]} 36. Bc3 {[%emt 0:02:44]} Bf6 {[%emt 0:00:39]} 37. b4 {[%emt 0:01:51]} e4 {[%emt 0:01:16]} 38. Bxf6 {[%emt 0:00:07]} Kxf6 {[%emt 0:00:37]} 39. g3 {[%emt 0:02:36]} exf3+ {[%emt 0:01:24]} 40. Kxf3 {[%emt 0:00:00]} g4+ {[%emt 0:00:00]} 41. Kf2 {[%emt 0:01:36]} f3 {[%emt 0:08:22]} 42. Rd2 {[%emt 0:00:14]} Ke5 {[%emt 0:00:25]} 43. a4 {[%emt 0:01:46]} Rb6 {[%emt 0:05:03]} 44. Rb2 {[%emt 0:00:24]} Kd4 {[%emt 0:00:18]} 45. b5 {[%emt 0:00:06]} a5 {[%emt 0:07:59]} 46. h4 {[%emt 0:02:11]} gxh3 {[%emt 0:04:48]} 47. Kxf3 {[%emt 0:00:08]} Kc3 {[%emt 0:02:15]} 48. Rh2 {[%emt 0:08:16]} Kb4 {[%emt 0:02:36]} 49. Kf4 {[%emt 0:00:16]} Kxa4 {[%emt 0:00:04]} 50. Kxf5 {[%emt 0:00:04]} Rxb5+ {[%emt 0:00:41]} 51. Kf4 {[%emt 0:00:07]} Rh5 {[%emt 0:03:45]} 52. g4 {[%emt 0:00:14]} Rh8 {[%emt 0:00:31]} 53. g5 {[%emt 0:00:16]} Kb4 {[%emt 0:01:25]} 54. g6 {[%emt 0:00:14]} a4 {[%emt 0:00:17]} 55. Kf5 {[%emt 0:00:06]} a3 {[%emt 0:00:48]} 56. g7 {[%emt 0:00:14]} Rg8 {[%emt 0:00:47]} 57. Kg6 {[%emt 0:00:26]} Kb3 {[%emt 0:00:10]} 58. Rxh3+ {[%emt 0:00:06]} Kb2 {[%emt 0:00:01]} 59. Kf7 {[%emt 0:00:11]} Rxg7+ {[%emt 0:00:04]} 60. Kxg7 {[%emt 0:00:05]} a2 {[%emt 0:00:01]} 61. Rh2+ {[%emt 0:00:06]} Kb1 {[%emt 0:00:02]} 62. Rh1+ {[%emt 0:00:12]} Kb2 {[%emt 0:00:01]} 63. Rh2+ {[%emt 0:00:07]} Kb1 {[%emt 0:00:02]} 64. Rh1+ {[%emt 0:00:07]} Kb2 {[%emt 0:00:01]} 65. Rh2+ 1/2-1/2

[Event "27th Kavala Open 2018"]
[Site "Kavala"]
[Date "2018.08.08"]
[Round "6"]
[White "Liu, Manli"]
[Black "Ivanov, Sergey"]
[Result "0-1"]
[WhiteElo "2213"]
[BlackElo "2535"]
[Annotator "TA"]
[PlyCount "116"]
[EventDate "2018.08.06"]
[EventType "swiss"]
[EventCountry "GRE"]
[SourceTitle "playchess.com"]
[Source "ChessBase"]
[SourceQuality "1"]

{[%evp 22,116,31,0,24,25,17,31,69,22,41,36,38,32,21,14,26,-24,-27,-35,-10,-19,0,0,0,0,0,-140,-113,-79,0,-54,-52,-59,0,0,0,-47,-32,-42,-40,-221,-211,-320,-327,-320,-302,-302,-311,-307,-301,-318,-303,-275,-232,-307,-287,-381,-405,-377,-360,-29979,-7634,-6195,-6195,-6195,-5819,-4718,-4706,-29974,-29974,-29974,-29971,-29971,-29972,-29969,-29971,-29977,-29966,-29964,-29964,-29966,-29967,-29975,-29978,-29978,-29979,-29978,-29979,-29981,-29982,-29982,-29983,-29983,-29983,-29983,-29984]} 1. e4 e6 2. d4 d5 3. Nd2 c5 4. exd5 Qxd5 5. Ngf3 {[%cal Bg1f3,Bf3d4,Bd4f5][%mdl 32]} cxd4 6. Bc4 Qd6 7. O-O Nf6 8. Nb3 Nc6 9. Nbxd4 Nxd4 10. Nxd4 a6 11. Re1 Qc7 12. Bf1 {LiveBook: 61 Games. C07: French Tarrasch: 3...c5, 4 Ngf3 and 4 exd5 Qxd5} (12. Qe2 Bc5 13. c3 O-O 14. Bg5 b5 15. Bd3 Nd5 16. Qh5 g6 17. Qh4 Bb7 18. a4 bxa4 19. Rxa4 Rfe8 20. Nf3 {1-0 (29) Wei,Y (2729)-So,W (2780) chess.com INT 2018}) 12... Bd7 13. Qf3 Bd6 $146 ({Predecessor:} 13... O-O-O 14. Bf4 Bd6 15. Bxd6 Qxd6 16. Rad1 Qc7 17. Rd3 Kb8 18. Rc3 Qd6 19. Rb3 Bc8 20. Nc6+ Kc7 21. Nxd8 Rxd8 22. Rd3 Qe7 23. Qg3+ Kb6 24. Rxd8 Qxd8 25. Qxg7 Qd2 26. Qxf6 {1-0 (26) Vykouk,J (2428)-Matras,O (2241) Prague 2016}) 14. Nf5 {The position is equal.} Bxh2+ 15. Kh1 O-O {[%cal Bh8f8,Bf8f6,Bf6g6][%mdl 32] [#]} 16. Nxg7 $1 {[%mdl 512]} Be5 $1 ({Don't go for} 16... Kxg7 $2 17. Bh6+ $1 {[%mdl 512]} Kg6 18. Bd3+ Ne4 19. Rxe4 $18) 17. Nh5 Nxh5 18. Qxh5 f5 19. c3 Rf6 $1 20. Bg5 {Black must now prevent f4.} Rg6 21. Re3 $1 Rf8 {[%cal Ba8f8,Bf8f7,Bf7g7][%mdl 32]} 22. Rae1 Bd6 23. Qh4 Rf7 24. Be2 (24. Rd3 $11 {remains equal.}) 24... Rfg7 $1 $17 25. Bd8 Qc8 ({Reject} 25... Qc6 $6 26. Bf3 $14) (25... Qc5 $17 26. b4 Qc8) 26. Rd3 (26. Bf6 $11) 26... Bc5 ({Don't blunder} 26... Qc6 $2 27. Bf3 $18) 27. Bf3 Bxf2 ({Black should try} 27... Bc6 $15 28. b4 Bxf3 29. gxf3 Bf8) 28. Qxf2 $11 Qxd8 29. Qd4 Qg5 30. Kg1 h5 31. Bxb7 $2 (31. c4 $15) 31... Bb5 $1 $40 {[%csl LRb7,LRd3][%mdl 128] Black has strong attack.} 32. c4 (32. Qd8+ $142 Kh7 33. Qxg5 Rxg5 34. c4 Bxc4 35. Rd4) 32... Rxb7 {[%csl Gg6][%cal Rg5g2]} 33. Qd8+ Qxd8 34. Rxd8+ {[#]} Be8 $1 {[%mdl 512]} 35. Rxe8+ {[%mdl 4096] Endgame KRR-KRR} Kf7 36. Rh8 Rxb2 37. Rxh5 Rbxg2+ 38. Kh1 Rxa2 39. Rc1 Rgg2 40. Rh7+ Kg6 41. Ra7 $2 (41. Rh8 $19 Kf6 42. Ra8) 41... f4 (41... Rh2+ $142 42. Kg1 f4 43. Re1 f3 44. Rxe6+ Kf5 45. Rf7+ Kxe6 46. Rxf3 a5 47. Re3+ Kd6 48. c5+ Kc6 49. Re6+ Kd5 50. Rf6 Rhg2+ 51. Kh1 Rgd2 52. Rf5+ Ke4 53. Rg5 Ra1+ 54. Rg1 Rxg1+ 55. Kxg1 a4 56. Kf1 a3 57. c6 a2 58. Ke1 Ke3 59. Kf1 a1=Q#) 42. Rg1 Rxg1+ 43. Kxg1 {KR-KR} Kf5 44. c5 Rc2 45. Rxa6 Rxc5 {Black mates.} 46. Kf2 Rc2+ 47. Kf3 e5 {[%csl Gf5][%cal Re5e4]} 48. Ra5 Rc3+ 49. Ke2 Ke4 50. Ra4+ {[#]} Kd5 $1 51. Ra8 Kd4 52. Kd2 Rd3+ 53. Ke2 f3+ 54. Kf2 Ke4 55. Ra4+ Rd4 56. Ra3 Rd2+ 57. Ke1 Re2+ 58. Kf1 Kf4 {Precision: White = 39%, Black = 77%.} 0-1

[Event "27th Kavala Open 2018"]
[Site "Kavala"]
[Date "2018.08.08"]
[Round "6"]
[White "Nikolaou, Spiridon"]
[Black "Sandalakis, Angelos"]
[Result "0-1"]
[WhiteElo "2207"]
[BlackElo "2444"]
[Annotator "NA RC"]
[PlyCount "118"]
[EventDate "2018.08.06"]
[EventType "swiss"]
[EventCountry "GRE"]
[SourceTitle "playchess.com"]
[Source "ChessBase"]
[SourceQuality "1"]
[TimeControl "40/5400+30:900+30"]

1. Nf3 {[%emt 0:04:51]} Nf6 {[%emt 0:00:07]} 2. g3 {[%emt 0:01:00]} d5 {[%emt 0:00:07]} 3. Bg2 {[%emt 0:00:06]} c6 {[%emt 0:00:07]} 4. O-O {[%emt 0:00:30]} Bf5 {[%emt 0:00:07]} 5. d3 {[%emt 0:00:24]} h6 {[%emt 0:00:07]} 6. Nfd2 {[%emt 0:01:37]} e6 {[%emt 0:00:11]} 7. e4 {[%emt 0:00:18]} Bh7 {[%emt 0:00:08]} 8. Nc3 {[%emt 0:00:05]} Nbd7 {[%emt 0:00:09]} 9. h3 {[%emt 0:00:16]} Be7 {[%emt 0:01:13]} 10. Kh1 {[%emt 0:03:09]} b5 {[%emt 0:04:10]} 11. Qe2 {[%emt 0:02:19]} b4 {[%emt 0:01:05]} 12. Nd1 {[%emt 0:00:06]} O-O {[%emt 0:00:43]} 13. e5 {[%emt 0:03:34]} Ne8 {[%emt 0:00:08]} 14. f4 {[%emt 0:00:14]} Nc7 {[%emt 0:00:20]} 15. Nf3 {[%emt 0:04:03]} c5 {[%emt 0:01:10]} 16. Ne3 {[%emt 0:02:13]} a5 {[%emt 0:01:40]} 17. g4 {[%emt 0:04:47]} Re8 {[%emt 0:06:13]} 18. Qf2 {[%emt 0:02:36]} Bf8 {[%emt 0:01:14]} 19. Qg3 {[%emt 0:01:32]} a4 {[%emt 0:03:21]} 20. g5 {[%emt 0:05:23]} h5 {[%emt 0:13:46]} 21. Nh4 {[%emt 0:03:22]} Be7 {[%emt 0:03:00]} 22. Bf3 {[%emt 0:02:56]} Bg6 {[%emt 0:02:22]} 23. f5 {[%emt 0:04:35]} exf5 {[%emt 0:00:10]} 24. Nxd5 {[%emt 0:01:07]} Ra6 {[%emt 0:00:52]} 25. Nxc7 {[%emt 0:02:06]} Qxc7 {[%emt 0:00:08]} 26. Bf4 {[%emt 0:00:26]} Qa7 {[%emt 0:10:07]} 27. Ng2 {[%emt 0:06:20]} Nf8 {[%emt 0:02:20]} 28. Bd5 {[%emt 0:15:03]} Ne6 {[%emt 0:06:08]} 29. Bc4 {[%emt 0:01:59]} Rb6 {[%emt 0:00:32]} 30. Be3 {[%emt 0:03:55]} Qa8 {[%emt 0:03:52]} 31. Kg1 {[%emt 0:00:51]} Qd8 {[%emt 0:00:54]} 32. h4 {[%emt 0:04:53]} Qb8 {[%emt 0:05:44]} 33. Rae1 {[%emt 0:05:26]} Bd8 {[%emt 0:02:43]} 34. Bxe6 {[%emt 0:06:19]} Rbxe6 {[%emt 0:00:06]} 35. Bxc5 {[%emt 0:00:30]} Bb6 {[%emt 0:00:17]} 36. Bxb6 {[%emt 0:02:15]} Qxb6+ {[%emt 0:00:07]} 37. Qf2 {[%emt 0:02:05]} Qc7 {[%emt 0:00:32]} 38. d4 {[%emt 0:00:38]} Rc6 {[%emt 0:04:02]} 39. Re2 {[%emt 0:01:22]} f4 {[%emt 0:02:34]} 40. Nxf4 {[%emt 0:00:00]} Bxc2 {[%emt 0:00:00]} 41. Nd5 {[%emt 0:06:12]} Qb7 {[%emt 0:00:31]} 42. Nxb4 {[%emt 0:03:54]} Bg6 {[%emt 0:01:43]} 43. Nxc6 {[%emt 0:00:13]} Qxc6 {[%emt 0:00:02]} 44. Rd1 {[%emt 0:07:12]} Be4 {[%emt 0:00:42]} 45. Re3 {[%emt 0:01:00]} Bd5 {[%emt 0:00:08]} 46. a3 {[%emt 0:03:13]} Rb8 {[%emt 0:02:09]} 47. Rc3 {[%emt 0:00:49]} Qe6 {[%emt 0:00:07]} 48. Rdd3 {[%emt 0:00:37]} Qg4+ {[%emt 0:00:18]} 49. Kf1 {[%emt 0:00:34]} Be4 {[%emt 0:01:07]} 50. Re3 {[%emt 0:00:30]} Bd5 {[%emt 0:02:42]} 51. Red3 {[%emt 0:00:04]} Kh7 {[%emt 0:03:13]} 52. Ke1 {[%emt 0:00:26]} Rb7 {[%emt 0:14:00]} 53. Rd2 {[%emt 0:00:52]} Qe4+ {[%emt 0:00:20]} 54. Re3 {[%emt 0:00:36]} Qh1+ {[%emt 0:00:36]} 55. Qf1 {[%emt 0:00:35]} Qxh4+ {[%emt 0:00:05]} 56. Kd1 {[%emt 0:00:23]} Qxg5 {[%emt 0:00:42]} 57. Qd3+ {[%emt 0:00:18]} g6 {[%emt 0:00:09]} 58. Kc1 {[%emt 0:00:44]} Rb3 {[%emt 0:02:00]} 59. Rg3 {[%emt 0:00:34]} Qxg3 {[%emt 0:00:07]} 0-1

[Event "27th Kavala Open 2018"]
[Site "Kavala"]
[Date "2018.08.08"]
[Round "6"]
[White "Ladopoulos, Dimitrios"]
[Black "Prince, Bajaj"]
[Result "1/2-1/2"]
[WhiteElo "2191"]
[BlackElo "2411"]
[Annotator "NA"]
[PlyCount "71"]
[EventDate "2018.08.06"]
[EventType "swiss"]
[EventCountry "GRE"]
[SourceTitle "playchess.com"]
[Source "ChessBase"]
[SourceQuality "1"]
[TimeControl "40/5400+30:900+30"]

1. e4 {[%emt 0:00:07]} c5 {[%emt 0:00:04]} 2. Nf3 {[%emt 0:00:18]} Nc6 {[%emt 0:00:07]} 3. d4 {[%emt 0:00:23]} cxd4 {[%emt 0:00:06]} 4. Nxd4 {[%emt 0:00:04]} Nf6 {[%emt 0:00:15]} 5. Nc3 {[%emt 0:00:06]} e6 {[%emt 0:00:05]} 6. Ndb5 {[%emt 0:00:21]} Bb4 {[%emt 0:00:12]} 7. a3 {[%emt 0:00:12]} Bxc3+ {[%emt 0:00:05]} 8. Nxc3 {[%emt 0:00:04]} d5 {[%emt 0:00:03]} 9. exd5 {[%emt 0:00:11]} exd5 {[%emt 0:00:09]} 10. Bd3 {[%emt 0:00:51]} O-O {[%emt 0:00:06]} 11. O-O {[%emt 0:00:06]} d4 {[%emt 0:00:03]} 12. Ne2 {[%emt 0:00:32]} Bg4 {[%emt 0:00:20]} 13. Bg5 {[%emt 0:01:01]} Qd6 {[%emt 0:20:05]} 14. Re1 {[%emt 0:08:38]} Rfe8 {[%emt 0:10:10]} 15. Qd2 {[%emt 0:02:05]} Bxe2 {[%emt 0:01:26]} 16. Bf4 {[%emt 0:00:30]} Qd5 {[%emt 0:02:28]} 17. Bxe2 {[%emt 0:00:21]} Ne4 {[%emt 0:06:50]} 18. Bf3 {[%emt 0:03:52]} Qf5 {[%emt 0:01:34]} 19. Qd3 {[%emt 0:01:51]} Qxf4 {[%emt 0:02:15]} 20. Rxe4 {[%emt 0:00:12]} Rxe4 {[%emt 0:02:33]} 21. Qxe4 {[%emt 0:01:31]} Qxe4 {[%emt 0:07:46]} 22. Bxe4 {[%emt 0:00:07]} Kf8 {[%emt 0:05:59]} 23. Rd1 {[%emt 0:04:32]} Rc8 {[%emt 0:04:22]} 24. Kf1 {[%emt 0:03:48]} g6 {[%emt 0:15:43]} 25. Ke2 {[%emt 0:04:11]} a5 {[%emt 0:03:59]} 26. b3 {[%emt 0:09:51]} f5 {[%emt 0:01:33]} 27. Bxc6 {[%emt 0:00:08]} Rxc6 {[%emt 0:00:05]} 28. Rd2 {[%emt 0:01:25]} a4 {[%emt 0:03:55]} 29. bxa4 {[%emt 0:00:35]} Rc4 {[%emt 0:00:08]} 30. a5 {[%emt 0:05:29]} Ke7 {[%emt 0:04:50]} 31. Kd1 {[%emt 0:06:44]} Ra4 {[%emt 0:00:46]} 32. Kc1 {[%emt 0:00:24]} Rxa3 {[%emt 0:01:23]} 33. Rxd4 {[%emt 0:00:13]} Rxa5 {[%emt 0:00:03]} 34. Rb4 {[%emt 0:00:09]} b5 {[%emt 0:01:08]} 35. Kb2 {[%emt 0:00:19]} Kd6 {[%emt 0:00:31]} 36. Rd4+ {[%emt 0:00:22]} 1/2-1/2